LEADER 03686nam 2200817z- 450 001 9910557127703321 005 20210501 035 $a(CKB)5400000000040777 035 $a(oapen)https://directory.doabooks.org/handle/20.500.12854/68668 035 $a(oapen)doab68668 035 $a(EXLCZ)995400000000040777 100 $a20202105d2020 |y 0 101 0 $aeng 135 $aurmn|---annan 181 $ctxt$2rdacontent 182 $cc$2rdamedia 183 $acr$2rdacarrier 200 00$aSelected Papers from IEEE ICASI 2019 210 $aBasel, Switzerland$cMDPI - Multidisciplinary Digital Publishing Institute$d2020 215 $a1 online resource (160 p.) 311 08$a3-03928-929-2 311 08$a3-03928-930-6 330 $aThe 5th IEEE International Conference on Applied System Innovation 2019 (IEEE ICASI 2019, https://2019.icasi-conf.net/), which was held in Fukuoka, Japan, on 11-15 April, 2019, provided a unified communication platform for a wide range of topics. This Special Issue entitled "Selected Papers from IEEE ICASI 2019" collected nine excellent papers presented on the applied sciences topic during the conference. Mechanical engineering and design innovations are academic and practical engineering fields that involve systematic technological materialization through scientific principles and engineering designs. Technological innovation by mechanical engineering includes information technology (IT)-based intelligent mechanical systems, mechanics and design innovations, and applied materials in nanoscience and nanotechnology. These new technologies that implant intelligence in machine systems represent an interdisciplinary area that combines conventional mechanical technology and new IT. The main goal of this Special Issue is to provide new scientific knowledge relevant to IT-based intelligent mechanical systems, mechanics and design innovations, and applied materials in nanoscience and nanotechnology. 606 $aHistory of engineering and technology$2bicssc 610 $a3D effect 610 $aassembly design 610 $abinocular stereo vision 610 $aboundary effect 610 $acentral pattern generator 610 $acost aggregation 610 $adeep learning for network security 610 $adesign method 610 $aelectrical resistivity tomography 610 $aerror compensation 610 $afast Fourier transform 610 $aFCU group control 610 $aFFT 610 $afree-form surface 610 $afuzzy theory 610 $agenetic algorithm 610 $aHVAC energy conservation 610 $aimage filtering 610 $akernel 610 $alayout strategy 610 $along short-term memory 610 $amalicious traffic classification 610 $aMIMO 610 $amirror compensation method 610 $amultistandard 610 $an/a 610 $anon-collocated actuators 610 $aOFDM 610 $aon-machine measurement 610 $aoptimal control 610 $aproduct design 610 $astereo matching 610 $aTheo Jansen Linkage 610 $ausability and operation complexity 615 7$aHistory of engineering and technology 700 $aChang$b Shoou-Jinn$4edt$01279060 702 $aYoung$b Sheng-Joue$4edt 702 $aPrior$b Stephen D$4edt 702 $aJi$b Liang-Wen$4edt 702 $aChang$b Shoou-Jinn$4oth 702 $aYoung$b Sheng-Joue$4oth 702 $aPrior$b Stephen D$4oth 702 $aJi$b Liang-Wen$4oth 906 $aBOOK 912 $a9910557127703321 996 $aSelected Papers from IEEE ICASI 2019$93014500 997 $aUNINA LEADER 03836nam 22005895 450 001 9910298427103321 005 20200629164028.0 010 $a3-319-75544-7 024 7 $a10.1007/978-3-319-75544-1 035 $a(CKB)4100000004975123 035 $a(MiAaPQ)EBC5439442 035 $a(DE-He213)978-3-319-75544-1 035 $a(PPN)229497217 035 $a(EXLCZ)994100000004975123 100 $a20180628d2018 u| 0 101 0 $aeng 135 $aurcnu|||||||| 181 $ctxt$2rdacontent 182 $cc$2rdamedia 183 $acr$2rdacarrier 200 10$aBrazilian Sand Flies $eBiology, Taxonomy, Medical Importance and Control /$fedited by Elizabeth F. Rangel, Jeffrey J. Shaw 205 $a1st ed. 2018. 210 1$aCham :$cSpringer International Publishing :$cImprint: Springer,$d2018. 215 $a1 online resource (508 pages) 311 $a3-319-75543-9 327 $aChapter 1: Phlebotominae Sand Flies, Medical Importance -- Chapter 2: Classification, Morphology and Terminology of adults  and Identification of the American taxa -- Chapter 3: Molecular and biochemical markers for investigating the vectorial roles of Brazilian sand flies -- Chapter 4: Regional Distribution and Habitats of Brazilian Phlebotomine Species -- Chapter 5: Bionomy. Biology of Neotropical Phlebotomine Sand flies -- Chapter 6: The biology of the Leishmania-sand fly interaction. Chapter 7: Sand fly vectors of American Cutaneous Leishmaniasis in Brazil -- Chapter 8: The eco-epidemiology of American visceral leishmaniasis, with particular reference to Brazil -- Chapter 9: Brazilian Phlebotomines as hosts and vectors of viruses, bacteria, fungi, protozoa (excluding those belonging to the genus Leishmania) and nematodes -- Chapter 10: Methods for Capturing, Processing and Preserving Phlebotomine -- Chapter 11: Leishmaniasis Vector Surveillance and Control in Brazil: A challenge to Control Programs. 330 $aThis is the first English-language book dedicated to Brazilian sand flies and their medical importance. No other country has so many species of these haematophagous insects as Brazil and their diversity has reached an astonishing level. The book contains comprehensive chapters, written by Brazilian experts on their regional distribution, their ecology and their importance as vectors of pathogens and parasites. Methods for sampling, processing and preserving phlebotomines are reviewed as are perspectives on surveillance and leishmaniasis vector control. A novel classification is presented whose aim is to help investigators identify the species that they are working with more efficiently. 606 $aEntomology 606 $aPlants$vClassification 606 $aPlants$vClassification 606 $aParasitology 606 $aMicrobiology 606 $aEntomology$3https://scigraph.springernature.com/ontologies/product-market-codes/L25090 606 $aPlant Systematics/Taxonomy/Biogeography$3https://scigraph.springernature.com/ontologies/product-market-codes/L24051 606 $aParasitology$3https://scigraph.springernature.com/ontologies/product-market-codes/B19002 606 $aMicrobiology$3https://scigraph.springernature.com/ontologies/product-market-codes/L23004 615 0$aEntomology. 615 0$aPlants 615 0$aPlants 615 0$aParasitology. 615 0$aMicrobiology. 615 14$aEntomology. 615 24$aPlant Systematics/Taxonomy/Biogeography. 615 24$aParasitology. 615 24$aMicrobiology. 676 $a595.771 702 $aRangel$b Elizabeth F$4edt$4http://id.loc.gov/vocabulary/relators/edt 702 $aShaw$b Jeffrey J$4edt$4http://id.loc.gov/vocabulary/relators/edt 906 $aBOOK 912 $a9910298427103321 996 $aBrazilian Sand Flies$92537514 997 $aUNINA